[Event "Challenge"]
[Site "http://www.queenalice.com/game.php?id=1420199"]
[Date "2016.4.27"]
[Round "-"]
[White "eduardocosta"]
[Black "lfsantanna"]
[Result "1-0"]
[WhiteElo "1641"]
[BlackElo "1682"]

1. c3 e5 2. Nf3 Nc6 3. Qb3 d5 4. e3 Nf6 5. Bb5 Bd6 6. d4 e4 7. Bxc6+ bxc6 8. Qa4
Bd7 9. Nfd2 c5 10. Qd1 cxd4 11. cxd4 c6 12. Nc3 Be7 13. Nf1 Ng4 14. h3 Nh6 15.
Ng3 Qa5 16. Bd2 Qa6 17. b3 Qd3 18. Qe2 Qxe2+ 19. Ncxe2 O-O 20. O-O Rac8 21. Nf4
g5 22. Nfe2 Bf6 23. Nh5 Be7 24. Neg3 Kh8 25. a3 Ng8 26. b4 Nf6 27. Nxf6 Bxf6 28.
Rfb1 a6 29. Nh5 Be7 30. Ng3 g4 31. hxg4 Bxg4 32. Rc1 Rg8 33. Rc2 Rc7 34. Rac1
Bd7 35. Ne2 Bh3 36. Kh2 Bxg2 37. Rxc6 Rxc6 38. Rxc6 Bf3 39. Ng3 h5 40. Be1 h4
41. Nf5 Rg2+ 42. Kh3 Bg5 43. Nxh4 Bxh4 44. Kxh4 Kg7 45. Rxa6 f6 46. Rd6 Kg6 47.
Rxd5 f5 48. b5 Rg4+ 49. Kh3 Kg5 50. b6 Bg2+ 51. Kh2 Kh4 52. f3+ 1-0

[Event "Challenge"]
[Site "http://www.queenalice.com/game.php?id=1428527"]
[Date "2016.6.21"]
[Round "-"]
[White "eduardocosta"]
[Black "lfsantanna"]
[Result "1-0"]
[WhiteElo "1755"]
[BlackElo "1655"]

1. e3 e5 2. Be2 d5 3. Nf3 Nc6 4. Bb5 Bd6 5. Bxc6+ bxc6 6. b3 e4 7. Nd4 Qd7 8.
Ne2 Nf6 9. Bb2 Qg4 10. Ng3 Qg6 11. c4 a5 12. cxd5 cxd5 13. O-O c6 14. Nc3 O-O
15. Nce2 Nh5 16. Bc3 Bg4 17. Qc2 Bxe2 18. Nxe2 Qh6 19. Ng3 f6 20. Nf5 Bxh2+ 21.
Kxh2 Qg5 22. Ne7+ Kh8 23. Nxc6 Rfc8 24. Nxa5 Rxa5 25. Qb2 Rac5 26. b4 Rb5 27. a4
Rb7 28. a5 f5 29. b5 Rcb8 30. b6 Qd8 31. Bd4 Nf6 32. a6 Rxb6 33. Bxb6 Rxb6 34.
Qa2 Rb8 35. a7 Ra8 36. Rfb1 Ne8 37. Rb7 Nd6 38. Rbb1 h6 39. Qxd5 1-0

[Event "Let's Play Chess!"]
[Site "http://www.queenalice.com/game.php?id=1428643"]
[Date "2016.6.22"]
[Round "-"]
[White "lfsantanna"]
[Black "Taurus"]
[Result "0-1"]
[WhiteElo "1664"]
[BlackElo "2143"]

1. e4 c5 2. Nf3 d6 3. d4 cxd4 4. Nxd4 e5 5. Nf3 a6 6. Bc4 h6 7. h3 Nf6 8. Nc3 b5
9. Bb3 Bb7 10. Qd3 Nc6 11. a3 Be7 12. Nh4 O-O 13. Qg3 Nh5 14. Qg4 Bxh4 15. Qxh5
Bg5 16. Ne2 Bxc1 17. Rxc1 Rc8 18. Ng3 Nd4 19. Ba2 Nxc2+ 20. Kd2 Qa5+ 21. Kd1 Nd4
22. Nf5 Qa4+ 23. b3 Rxc1+ 24. Kxc1 Nxb3+ 25. Kb2 Nc5 26. f3 Bc8 27. Ne7+ Kh8 28.
Bxf7 Nd3+ 29. Ka2 Qc2+ 0-1

[Event "Let's Play Chess!"]
[Site "http://www.queenalice.com/game.php?id=1428644"]
[Date "2016.6.22"]
[Round "-"]
[White "Taurus"]
[Black "lfsantanna"]
[Result "1-0"]
[WhiteElo "2144"]
[BlackElo "1643"]

1. d4 d5 2. Nf3 Nf6 3. Bg5 e6 4. a3 Be7 5. e3 a6 6. c4 c6 7. Nc3 b6 8. Bd3 O-O
9. Qc2 g6 10. Bh6 Re8 11. O-O Ng4 12. Bf4 Nd7 13. h3 Ngf6 14. b4 c5 15. dxc5
bxc5 16. b5 dxc4 17. Bxc4 axb5 18. Nxb5 e5 19. Nxe5 Nh5 20. Bxf7+ Kf8 21. Bh6+
Ng7 22. Nc6 Qb6 23. Bxe8 Qxc6 24. Bxd7 Bxd7 25. a4 Bf6 26. Rac1 Kf7 27. Qxc5
Qxc5 28. Rxc5 Ne6 29. Rc4 g5 30. h4 gxh4 31. Rd1 Be8 32. Nd6+ Kg6 33. Nxe8 Rxe8
34. Bf4 Nxf4 35. Rxf4 Kg5 36. Rd5+ Kh6 37. Rxf6+ Kg7 38. Rb6 1-0

[Event "Challenge"]
[Site "http://www.queenalice.com/game.php?id=1432726"]
[Date "2016.7.22"]
[Round "-"]
[White "zubarev"]
[Black "lfsantanna"]
[Result "1-0"]
[WhiteElo "1898"]
[BlackElo "1662"]

1. e4 e5 2. Nf3 Nc6 3. Bb5 a6 4. Ba4 Nf6 5. O-O d6 6. Nc3 Be7 7. d4 exd4 8. Nxd4
Bd7 9. Bxc6 Bxc6 10. Nxc6 bxc6 11. f4 O-O 12. Qf3 Qd7 13. Be3 Rab8 14. e5 Ne8
15. Rab1 c5 16. Rbd1 Rxb2 17. Bxc5 Rxc2 18. Bd4 Qf5 19. Nd5 Qe6 20. f5 Qd7 21.
f6 gxf6 22. exf6 Bd8 23. Ne7+ Bxe7 24. fxe7 1-0

[Event "Challenge"]
[Site "http://www.queenalice.com/game.php?id=1432727"]
[Date "2016.7.22"]
[Round "-"]
[White "lfsantanna"]
[Black "zubarev"]
[Result "0-1"]
[WhiteElo "1618"]
[BlackElo "1872"]

1. e4 e5 2. Nf3 Nc6 3. Bc4 Nf6 4. Nc3 d6 5. h3 Be7 6. d3 O-O 7. O-O Nd4 8. Nxd4
exd4 9. Ne2 c5 10. Ng3 Kh8 11. Qf3 Be6 12. Bxe6 fxe6 13. Bg5 Rc8 14. b3 Ng8 15.
Qg4 Bxg5 16. f4 Be7 17. Qxe6 Qe8 18. e5 Qf7 19. Qg4 Nh6 20. Qf3 dxe5 21. Qxb7
Bh4 22. Qxf7 Rxf7 23. Ne4 Rxf4 24. g3 Rxf1+ 25. Rxf1 Be7 26. g4 Rf8 27. Rxf8+
Bxf8 28. g5 Nf5 29. Kf2 Ne3 30. c3 Nd1+ 31. Ke2 Ne3 32. a3 Kg8 33. cxd4 cxd4 34.
b4 Kf7 35. Kd2 Ke7 36. Kc1 Ke6 37. Kb2 Kd5 38. Kb3 Nf1 39. a4 Nh2 40. a5 Nf3 41.
Ka4 Ne1 42. b5 Nxd3 43. a6 Nc5+ 44. Ka5 Kxe4 45. b6 axb6+ 46. Kxb6 Nxa6 0-1

[Event "Let's Play Chess!"]
[Site "http://www.queenalice.com/game.php?id=1441313"]
[Date "2016.9.15"]
[Round "-"]
[White "lfsantanna"]
[Black "josebaron"]
[Result "1-0"]
[WhiteElo "1612"]
[BlackElo "1979"]

1. e4 e5 2. Nf3 Nc6 3. Bb5 d6 4. h3 Nf6 5. d3 Be7 6. O-O a6 7. Bxc6+ bxc6 8. Bg5
h6 9. Bxf6 Bxf6 10. c4 c5 11. Nc3 c6 12. Nh2 O-O 13. Qf3 Bg5 14. g3 a5 15. h4
Bf6 16. Rab1 a4 17. a3 Be7 18. Nd1 Bd7 19. Ne3 Kh7 20. Nf5 g6 21. Ne3 f6 22. Qd1
f5 23. f3 fxe4 24. fxe4 Bh3 25. Rxf8 Qxf8 26. Nhg4 Qf3 27. Qxf3 Bxg4 28. Qf7+
1-0

[Event "Let's Play Chess!"]
[Site "http://www.queenalice.com/game.php?id=1441314"]
[Date "2016.9.15"]
[Round "-"]
[White "josebaron"]
[Black "lfsantanna"]
[Result "1/2-1/2"]
[WhiteElo "1965"]
[BlackElo "1642"]

1. e4 e5 2. Bc4 Bc5 3. Nf3 Nc6 4. d3 Nf6 5. Nc3 d6 6. h3 O-O 7. a3 a6 8. b4 Ba7
9. Be3 Bxe3 10. fxe3 Ne7 11. d4 Ng6 12. d5 Qe7 13. O-O Nh5 14. Ne2 Nh4 15. Nxh4
Qxh4 16. Bd3 Qg5 17. Rf3 b5 18. Qe1 Qh6 19. Ng3 Nf6 20. Nf5 Bxf5 21. exf5 Nxd5
22. Be4 c6 23. a4 Ne7 24. axb5 d5 25. Bxd5 cxd5 26. Rxa6 Rxa6 27. bxa6 Qxa6 28.
Qb1 Rb8 29. c3 Qa3 30. e4 dxe4 31. Re3 Nd5 32. Qxe4 Qc1+ 33. Re1 Qxc3 34. Qxe5
Qxe5 35. Rxe5 Nxb4 36. g4 h6 37. h4 Rd8 38. Re4 Nc2 39. h5 Rd3 40. Kf2 f6 41.
Ke2 Rd5 42. Ra4 1/2-1/2

[Event "Challenge"]
[Site "http://www.queenalice.com/game.php?id=1442372"]
[Date "2016.9.22"]
[Round "-"]
[White "Vin100"]
[Black "lfsantanna"]
[Result "0-1"]
[WhiteElo "1555"]
[BlackElo "1655"]

1. e4 e5 2. Nf3 Nc6 3. d3 Nf6 4. Be3 Bb4+ 5. c3 Ba5 6. Qd2 h6 7. b4 Bb6 8. b5
Bxe3 9. Qxe3 Ng4 10. Qc1 Ne7 11. h3 Nf6 12. Nxe5 d6 13. Nf3 c6 14. a4 c5 15. c4
b6 16. Nbd2 Ng6 17. g3 Qe7 18. Bg2 h5 19. O-O Bb7 20. Ng5 Nd7 21. f4 f6 22. Ngf3
Ngf8 23. g4 hxg4 24. hxg4 g6 25. d4 O-O-O 26. Qc3 Qh7 27. e5 fxe5 28. dxe5 dxe5
29. Nxe5 Qh2+ 30. Kf2 Qxg2+ 31. Ke1 Rh3 32. Ndf3 Nxe5 33. Qxe5 Bxf3 34. Qe3 Qg3+
35. Qf2 Re8+ 36. Kd2 Re2+ 37. Qxe2 Bxe2 38. Kxe2 Rh2+ 39. Kd1 Qd3+ 40. Ke1 Qe2#
0-1

[Event "Let's Play Chess!"]
[Site "http://www.queenalice.com/game.php?id=1447145"]
[Date "2016.11.1"]
[Round "-"]
[White "paolop69"]
[Black "lfsantanna"]
[Result "0-1"]
[WhiteElo "1736"]
[BlackElo "1667"]

1. e4 e5 2. Bc4 Nf6 3. d3 Bc5 4. h3 d6 5. Bg5 h6 6. Nd2 hxg5 7. Nf1 Nh5 8. g3
Qf6 9. Qf3 Qxf3 10. Nxf3 g4 11. hxg4 Bxg4 12. Ng5 f6 13. Bf7+ Ke7 14. Bxh5 fxg5
15. c3 g6 16. f3 Be6 17. g4 gxh5 18. Rxh5 Rxh5 19. gxh5 Nd7 20. Ng3 Be3 21. Ke2
Bf4 22. Nf5+ Bxf5 23. exf5 Rh8 24. Rh1 Kf6 25. h6 Kxf5 26. h7 Nf6 27. b4 Nxh7
28. c4 Kg6 29. a4 Rf8 30. Rg1 Nf6 31. a5 Nh5 32. b5 Bh2 0-1

[Event "Let's Play Chess!"]
[Site "http://www.queenalice.com/game.php?id=1447146"]
[Date "2016.11.1"]
[Round "-"]
[White "lfsantanna"]
[Black "paolop69"]
[Result "0-1"]
[WhiteElo "1686"]
[BlackElo "1755"]

1. e4 e5 2. Nf3 d6 3. d4 Nc6 4. dxe5 Nxe5 5. Bd2 Nxf3+ 6. Qxf3 Qf6 7. Qxf6 Nxf6
8. Nc3 c6 9. Be2 Be6 10. O-O Be7 11. Bd3 d5 12. exd5 cxd5 13. Nb5 O-O 14. Rae1
Rfc8 15. c3 a6 16. Nd4 Ng4 17. h3 Nf6 18. Re3 Bc5 19. Rg3 g6 20. Re1 Bd6 21. f4
Nh5 22. Rf3 Bc5 23. Kh2 Bxd4 24. cxd4 b5 25. g4 Ng7 26. Bb4 a5 27. Rg1 axb4 28.
Ra1 Bd7 29. Rg3 b3 30. a3 Ne6 31. f5 Nf4 32. Re1 Nxd3 33. Rxd3 Rc2+ 34. Kg3 Rxb2
35. fxg6 hxg6 36. Re7 Be6 37. Rb7 Rxa3 38. Rxb5 Rc2 39. Rbxb3 Raa2 40. Rb8+ Kg7
41. g5 Rg2+ 42. Kf4 Rae2 43. Re3 Rgf2+ 44. Rf3 Re4+ 0-1

[Event "Challenge"]
[Site "http://www.queenalice.com/game.php?id=1451032"]
[Date "2016.11.20"]
[Round "-"]
[White "lfsantanna"]
[Black "Vin100"]
[Result "1-0"]
[WhiteElo "1669"]
[BlackElo "1509"]

1. e4 e5 2. Nf3 d6 3. Bc4 Be6 4. Bxe6 fxe6 5. Ng5 Qxg5 6. O-O d5 7. d4 Qf6 8.
dxe5 Qxe5 9. exd5 Qxd5 10. Nc3 Qxd1 11. Rxd1 Nc6 12. Bg5 h6 13. Be3 Nf6 14. a3
g5 15. Rd2 Bd6 16. Re1 O-O-O 17. b4 Kb8 18. b5 Be5 19. Nb1 Ne4 20. Rxd8+ Rxd8
21. bxc6 bxc6 22. g3 Kb7 23. f3 Nf6 24. Kg2 Re8 25. Bc5 Bd6 26. Bb4 c5 27. Bc3
Nd5 28. Ba1 h5 29. c4 Nb6 30. Nd2 e5 31. Rb1 a5 32. a4 Kc6 33. Bc3 Ra8 34. Ra1
Nd7 35. h3 Be7 36. Rb1 h4 37. Re1 Bf6 38. g4 Kd6 39. Kf2 Nb6 40. Ra1 Nc8 41.
Ne4+ Ke6 42. Nxc5+ Kd6 43. Nb7+ Ke6 44. Nxa5 c5 45. Nb3 Be7 46. a5 Rb8 47. Nd2
Nd6 48. a6 Ra8 49. Ra4 Nc8 50. Ke3 Nb6 51. Ra5 Nd7 52. a7 Bd8 53. Ra6+ Bb6 54.
Ke4 Rxa7 55. Rxa7 Bxa7 56. Ba5 Bb6 57. Nb3 Bxa5 58. Nxa5 Nf6+ 59. Kd3 Kd6 60.
Nb3 Kc6 61. Nd2 Kb6 62. Ne4 Nh7 63. Kc3 Kc6 64. Kb3 Kb6 65. Ka4 Kc6 66. Ka5 Nf8
67. Nxg5 Nd7 68. Ne4 Kb7 69. g5 Kc6 70. g6 Nb6 71. Nd2 Nc8 72. Ne4 Ne7 73. g7
Ng8 74. Ng5 Kd6 75. Kb6 Nf6 76. Ne4+ Nxe4 77. fxe4 Ke7 78. g8=Q 1-0

[Event "Let's Play Chess!"]
[Site "http://www.queenalice.com/game.php?id=1462292"]
[Date "2017.2.6"]
[Round "-"]
[White "lfsantanna"]
[Black "AmyPlaysChess"]
[Result "0-1"]
[WhiteElo "1673"]
[BlackElo "2502"]

1. e4 g6 2. d4 Bg7 3. Nf3 d5 4. e5 f6 5. exf6 Nxf6 6. Nc3 O-O 7. Bd3 c5 8. dxc5
Nbd7 9. b4 a5 10. Ba3 Ng4 11. Qd2 Nde5 12. Nxe5 Rxf2 13. Qg5 Bxe5 14. h3 Bxc3+
0-1

[Event "Let's Play Chess!"]
[Site "http://www.queenalice.com/game.php?id=1462293"]
[Date "2017.2.2"]
[Round "-"]
[White "knight576"]
[Black "lfsantanna"]
[Result "0-1"]
[WhiteElo "2109"]
[BlackElo "1679"]

1. f4 d5 2. Nf3 Nc6 3. e3 Bf5 4. Be2 e6 5. O-O Bd6 6. d3 Nf6 7. Nh4 Ne7 8. b3 c6
9. Bb2 Ng6 10. Qe1 Nxh4 11. Qxh4 Be7 12. Qe1 Qd6 13. Bf3 Qc5 14. Rf2 Bd6 15. Ba3
Qb5 16. Bxd6 Rd8 17. Be5 Qc5 18. Bd4 Qb5 19. a4 Qa6 20. Rd2 O-O 21. Nc3 b6 22.
e4 Bg6 23. g4 dxe4 24. dxe4 h6 25. f5 Bh7 26. Bxf6 gxf6 27. Rad1 Rxd2 28. Rxd2
Kh8 29. e5 exf5 30. gxf5 Qc8 31. exf6 Qxf5 32. Be4 Qxf6 33. Bxh7 Kxh7 34. Ne4
Rg8+ 35. Kh1 Qf3+ 0-1

[Event "Challenge"]
[Site "http://www.queenalice.com/game.php?id=1463993"]
[Date "2017.2.11"]
[Round "-"]
[White "lfsantanna"]
[Black "knight576"]
[Result "0-1"]
[WhiteElo "1671"]
[BlackElo "2097"]

1. e4 e5 2. Nf3 Nc6 3. Bc4 Nf6 4. Nc3 Bc5 5. h3 O-O 6. O-O a6 7. a4 Bb6 8. d3 d6
9. Bg5 Be6 10. Bxe6 fxe6 11. Ne2 d5 12. c3 Qd6 13. Ng3 Rad8 14. exd5 Qxd5 15.
Bxf6 gxf6 16. Ne1 f5 17. Qc2 Rd7 18. Qe2 Rg7 19. Kh1 Qd7 20. Rd1 Qf7 21. Qxe5
Nxe5 0-1

[Event "Challenge"]
[Site "http://www.queenalice.com/game.php?id=1464480"]
[Date "2017.2.14"]
[Round "-"]
[White "AdilsonGomes"]
[Black "lfsantanna"]
[Result "0-1"]
[WhiteElo "1411"]
[BlackElo "1737"]

1. b3 e5 2. Bb2 Nc6 3. e3 d5 4. Bb5 a6 5. Bxc6+ bxc6 6. Bxe5 Nf6 7. Bb2 Bb4 8.
a3 Bc5 9. Nc3 Bb7 10. Na4 Bb6 11. Nxb6 cxb6 12. d4 O-O 13. b4 Qd7 14. h3 Qf5 15.
f3 Qe6 16. Ne2 Qxe3 17. Bc1 Qe6 18. O-O Rae8 19. Nc3 Nh5 20. Na4 b5 21. Nc5 Qc8
22. Nxb7 Qxb7 23. Kf2 Qc7 24. c3 Qg3+ 25. Kg1 Re6 26. Qd2 Rfe8 27. Qf2 Qxf2+ 28.
Rxf2 Re2 29. Rxe2 Rxe2 30. Kf1 Rc2 31. a4 f6 32. axb5 axb5 33. Ra8+ Kf7 34. Ra7+
Kg6 35. Be3 Rxc3 36. Kf2 Rc2+ 37. Kg1 f5 38. f4 Re2 39. Bf2 Nxf4 40. Rc7 Rc2 41.
Kf1 Rc4 42. g3 Ne6 43. g4 Nxc7 44. gxf5+ Kxf5 45. Bg3 Ne6 46. Ke2 Ke4 47. Bf4
Nxf4+ 48. Kd2 Kxd4 49. h4 h5 50. Ke1 Ke3 51. Kd1 g6 52. Ke1 Rc1# 0-1

[Event "Let's Play Chess!"]
[Site "http://www.queenalice.com/game.php?id=1468677"]
[Date "2017.3.14"]
[Round "-"]
[White "lfsantanna"]
[Black "knight576"]
[Result "1-0"]
[WhiteElo "1707"]
[BlackElo "2076"]

1. e4 e5 2. Nf3 Nc6 3. Nc3 Bc5 4. Bc4 Nf6 5. d3 h6 6. O-O d6 7. h3 O-O 8. a3 Re8
9. Nh4 Ne7 10. Qf3 h5 11. Na4 Bb6 12. Bg5 1-0

[Event "Let's Play Chess!"]
[Site "http://www.queenalice.com/game.php?id=1474212"]
[Date "2017.4.21"]
[Round "-"]
[White "lfsantanna"]
[Black "exocytosis"]
[Result "1-0"]
[WhiteElo "1738"]
[BlackElo "2020"]

1. e4 c5 2. Nf3 d6 3. d4 cxd4 4. Nxd4 Nf6 5. Nc3 a6 6. Bg5 e5 7. Nf3 Be7 8. Bc4
O-O 9. O-O Nc6 10. Bxf6 Bxf6 11. h3 Bg5 12. Nd5 b5 13. Bd3 Ra7 14. a3 Nd4 15.
Nxd4 exd4 16. Nb4 Bd7 17. Be2 Bf6 18. Qd3 Be5 19. Bg4 Re8 20. Qf3 a5 21. Nd3 Bf6
22. Nf4 Bc6 23. Rfe1 Rae7 24. Bf5 d5 25. Nh5 Qd6 26. Qf4 Qxf4 27. Nxf4 dxe4 28.
Re2 1-0

[Event "Let's Play Chess!"]
[Site "http://www.queenalice.com/game.php?id=1474213"]
[Date "2017.4.22"]
[Round "-"]
[White "exocytosis"]
[Black "lfsantanna"]
[Result "0-1"]
[WhiteElo "1993"]
[BlackElo "1765"]

1. g3 e5 2. Bg2 Nf6 3. Nh3 d5 4. O-O Bc5 5. e3 Nc6 6. f4 e4 7. d3 Ng4 8. d4 Bb6
9. Nc3 Ne7 10. b4 f5 11. a4 a6 12. Qe2 O-O 13. Ba3 Re8 14. Nf2 Nf6 15. Na2 Bd7
16. a5 Ba7 17. Qd2 b6 18. Rfc1 Bb5 19. Bf1 Bxf1 20. Kxf1 b5 21. Qe2 Rf8 22. Kg2
Nc8 23. g4 g6 24. Rg1 Kh8 25. gxf5 gxf5 0-1

[Event "Let's Play Chess!"]
[Site "http://www.queenalice.com/game.php?id=1480638"]
[Date "2017.6.3"]
[Round "-"]
[White "lfsantanna"]
[Black "knight576"]
[Result "0-1"]
[WhiteElo "1790"]
[BlackElo "2079"]

1. e4 c5 2. Nf3 e6 3. d4 cxd4 4. Nxd4 Be7 5. Nc3 d5 6. exd5 exd5 7. Nf3 Be6 8.
Be2 a6 9. O-O Nc6 10. Be3 Nf6 11. h3 Rc8 12. Na4 Nd7 13. a3 b5 14. Nc3 O-O 15.
b4 Nde5 16. Nxe5 Nxe5 17. Bd4 Nc6 18. Bf3 Nxd4 19. Qd2 Nxf3+ 0-1

[Event "Let's Play Chess!"]
[Site "http://www.queenalice.com/game.php?id=1480639"]
[Date "2017.6.3"]
[Round "-"]
[White "knight576"]
[Black "lfsantanna"]
[Result "1-0"]
[WhiteElo "2083"]
[BlackElo "1786"]

1. e4 e5 2. Nf3 Nc6 3. Bb5 a6 4. Ba4 Nf6 5. d3 Bc5 6. c3 d6 7. b4 Ba7 8. O-O O-O
9. Nbd2 b5 10. Bb3 Ne7 11. a4 Bd7 12. d4 c6 13. dxe5 dxe5 14. Nxe5 Bb8 15. Nxd7
Qxd7 16. axb5 cxb5 17. Nf3 Qxd1 18. Rxd1 Nxe4 19. Re1 Nxc3 20. Rxe7 Bd6 21. Re3
1-0